| 000 | 00686cam a2200217 4500 | ||
|---|---|---|---|
| 005 | 20151022075106.0 | ||
| 008 | 151022b cu ||||| |||| 00| 0 spa d | ||
| 050 | 0 | 4 |
_aCC75 _bA58 1990 |
| 245 | 0 | 0 |
_aAnuario de arqueología 1988 / _cConsejo editorial Jorge Febles ... [et al.]. |
| 250 | _a1a. ed. | ||
| 260 |
_aLa Habana, Cuba : _bAcademia, _c1990. |
||
| 300 |
_a229 p. : _bil. ; _c23 cm. |
||
| 504 | _aIncluye índice | ||
| 650 | 7 |
_2LEMB _aArqueología _xAnuarios |
|
| 700 | 1 |
_aFebles, Jorge, _eed. |
|
| 700 | 1 |
_aDomínguez, Lourdes S., _eed. |
|
| 700 | 1 |
_aGuarch, José M., _eed. |
|
| 700 | 1 |
_aMartínez, Aida G., _eed. |
|
| 700 | 1 |
_aRives, Alexis, _eed. |
|
| 942 |
_2lcc _cLIB |
||
| 999 |
_c61608 _d61608 |
||